New life for old woods (Record no. 72425)

MARC details
000 -LEADER
fixed length control field 01113cam a2200217 4500
001 - CONTROL NUMBER
control field WB3913-08
008 - FIXED-LENGTH DATA ELEMENTS--GENERAL INFORMATION
fixed length control field 030402n2003 000 0 eng u
035 ## - SYSTEM CONTROL NUMBER
System control number (Sirsi) u121870
245 ## - TITLE STATEMENT
Title New life for old woods
260 ## - PUBLICATION, DISTRIBUTION, ETC.
Date of publication, distribution, etc. 2003
490 ## - SERIES STATEMENT
Series statement Forestry Commission News Release
Volume/sequential designation (5722) 25 March 2003 (2)
520 ## - SUMMARY, ETC.
Summary, etc. The Forestry Commission and the Northern Ireland Forest Service have published new guidance on restoring the UK's ancient woodlands. Copies of the guide, "Restoration of native woodland on ancient woodland sites", are available from the FC website, http://www.forestry.gov.uk/publications or ordered from Forestry Commission Publications, t +44 (0)870 121 4180, f +44 (0)870 121 4181 or e [email protected]. Forestry Commission News Release http://www.forestry.gov.uk/newsrele.nsf/WebPressReleases/DA9A9A016010757C80256CF00037602D
590 ## - LOCAL NOTE (RLIN)
Local note WB
650 ## - SUBJECT ADDED ENTRY--TOPICAL TERM
Topical term or geographic name entry element FORESTRY POLICY
650 ## - SUBJECT ADDED ENTRY--TOPICAL TERM
Topical term or geographic name entry element ANCIENT WOODLAND
650 ## - SUBJECT ADDED ENTRY--TOPICAL TERM
Topical term or geographic name entry element WOODLAND MANAGEMENT
650 ## - SUBJECT ADDED ENTRY--TOPICAL TERM
Topical term or geographic name entry element NATURAL ENVIRONMENT
650 ## - SUBJECT ADDED ENTRY--TOPICAL TERM
Topical term or geographic name entry element NATURE CONSERVATION
690 ## - LOCAL SUBJECT ADDED ENTRY--TOPICAL TERM (OCLC, RLIN)
Topical term or geographic name as entry element ENVIRONMENTAL AND LAND CONSULTANCY
942 ## - ADDED ENTRY ELEMENTS (KOHA)
Suppress in OPAC 0
Holdings
Withdrawn status Lost status Source of classification or shelving scheme Damaged status Not for loan Home library Current library Shelving location Date acquired Total Checkouts Full call number Barcode Date last seen Copy number Price effective from Koha item type
    Dewey Decimal Classification     London London News article 02/04/2003   WB3913-08 121870-1001 06/08/2019 1 06/08/2019 News article